Biblioteca

La llegada de los hugonotes a Florida (parte I) (Registro nro. 51971)

Detalles MARC
000 -LÍDER
Campo fijo de descripción fija 01003aab a2200205 i 4500
001 - NÚMERO DE CONTROL
Campo de control 768714001
003 - IDENTIFICADOR DEL NÚMERO DE CONTROL
Campo de control CO-MdFUSB
005 - FECHA Y HORA DE LA ULTIMA TRANSACCIÓN
control field 20250726121557.0
008 - ELEMENTOS DE LONGITUD FIJA -- INFORMACIÓN GENERAL
Campo fijo de descripción fija -- Información general 240326t1992 ag ||||| |||| 00| 0 spa d
040 ## - FUENTE DE CATALOGACIÓN
Idioma de catalogación spa
Agencia que realiza la transcripción CO-MdFUSB
041 ## - CÓDIGO DE IDIOMA
Código de idioma para texto/pista de sonido o título separado spa
100 1# - ASIENTO PRINCIPAL--NOMBRE PERSONAL
Nombre personal Rooy, Sidney
Término relacionador autor
245 13 - TÍTULO
Título La llegada de los hugonotes a Florida (parte I)
Mención de responsabilidad / Sidney Rooy
300 ## - DESCRIPCIÓN FÍSICA
Extensión Volumen 11, número 3 (julio - septiembre, 1992), páginas: 26 - 28
Dimensiones ; 27 cm
520 ## - NOTA DE RESUMEN, ETC.
Nota de sumario, etc. un Informe enviado desde México al Rey Felipe II rezaba: "puesto que son luteranos... no es necesario dejar a nadie con vida, sino imponerles un castigo ejemplar, que puedan recordarlo por siempre"<br/>Se denominan "hugonotes" a los protestantes franceses que eran seguidores de Juan Calvino, el reformador francés exiliado por su fe en Ginebra.
653 ## - TÉRMINO DE INDIZACIÓN - NO CONTROLADO
Término no controlado Hugonote
773 0# - ASIENTO DE ITEM FUENTE
Título Iglesia y Misión
Biblionumber 49402
Itemnumber 59656
Parte(s) relacionada(s) / Volumen., número. (mes año), páginas Volumen 11, número 3 (julio - septiembre, 1992), páginas: 26 - 28
Enumeración y primera página páginas: 26
942 ## - TIPO DE MATERIAL (KOHA)
Tipo de Item KOHA Artículos de Revista
945 ## - INFORMACIÓN LOCAL DEL REGISTRO
Catalogador JTF-925

No hay ítems disponibles.

Biblioteca FUSBC | Teléfono: (57+4) 349 88 10 Ext. 141| WhatsApp (+57) 3005338115 
E-mail: biblioteca@unisbc.edu.co | Calle 76 87-14 Robledo Palenque, Medellín, Colombia

Con tecnología Koha